|
|
|
|
| LEADER |
00000nab a2200000 a 4500 |
| 001 |
vtls010567589 |
| 003 |
SK-MaSNL |
| 005 |
20260318115339.0 |
| 008 |
140108c20140108xo d| | 000 0|2hun |
| 015 |
|
|
|a SNBRB2014/01
|
| 038 |
|
|
|a DSZK
|
| 040 |
|
|
|a DSZK
|b slo
|c DSZK
|e AACR2
|
| 041 |
0 |
|
|a hun
|
| 044 |
|
|
|a xo
|c SK
|
| 080 |
|
|
|a 398.332.416
|2 2001
|
| 245 |
0 |
0 |
|a Takarékos ünnepségek a Galántai és a Dunaszerdahelyi járásban
|c [szerzők] (béva,szcs)
|
| 300 |
|
|
|b Fotogr.
|
| 648 |
|
7 |
|a 2013
|2 dszk
|9 324251
|
| 650 |
0 |
7 |
|a Vianoce
|2 SNKPH
|9 3412
|
| 650 |
0 |
7 |
|a Silvester
|2 SNKPH
|9 29911
|
| 650 |
0 |
7 |
|a oslavy
|2 dszk
|9 484766
|
| 651 |
|
7 |
|a Dunajská Streda (Slovensko : okres)
|2 dszk
|9 145813
|
| 651 |
|
7 |
|a Galanta (Slovensko : okres)
|2 dszk
|9 15964
|
| 773 |
0 |
|
|t Új szó
|g Évf. 67, sz. 5 (2014.1.8.), o. 9
|x 1335-7050
|
| 852 |
|
|
|a DSZK
|b KIS3GCP
|
| 958 |
|
|
|a HU
|
| 958 |
|
|
|a SK
|
| 999 |
|
|
|c 3306621
|d 3308551
|